| 000 | 01052nam0a22002651 4500 | ||
|---|---|---|---|
| 001 | rc\3276482 | ||
| 005 | 20130115144505.4 | ||
| 021 |
_aRU _b[73-1223] |
||
| 035 | _a(NLR Aleph) 007490353 | ||
| 090 |
_a7610659 _c7610659 |
||
| 100 | _a20130115d1972 |||y0rusy50 ca | ||
| 101 | 0 | _arus | |
| 102 | _aRU | ||
| 105 | _ay z ||||| | ||
| 200 | 1 |
_aОсновные пути повышения эффективности сельскохозяйственного производства в девятой пятилетке _fБелгор. обл. организация о-ва "Знание" РСФСР |
|
| 210 |
_aБелгород _cБ. и. _d1972 |
||
| 215 |
_a42 с. _d20 |
||
| 320 | _aСписок лит.: с. 41 | ||
| 606 |
_aСельское хозяйство _yБелгородская область _xЭкономическая эффективность _2psbo |
||
| 700 | 1 |
_aЗенин _bК. С. _gКим Степанович |
|
| 801 | 0 |
_aRU _bNLR _gpsbo |
|
| 801 | 1 |
_aRU _bELAR _2rusmarc |
|
| 852 |
_aNLR _j72-4/35649 |
||
| 942 | _cBOOK | ||
| 980 | _aNB | ||